000 00795nam a2200205Ii 4500
003 JO-AjNU
008 230605s9999||||xx |||||||||||||| ||und||
017 _a2010/7/2433
040 _aJO-AjNU
_bara
_erda
_cJO-AjNU
041 _aara
050 1 4 _aPJ8410.H37 2010
100 3 _aتأليف المعروف،أبي سعيد عثمان بن سعيد الكناني الجياني ؛ جمع وتقديم وتحقيق صلاح جرار,
_eauthor
_933608
245 0 0 _aنصوص من كتاب طبقات الشعراء بالأندلس
264 3 1 _aعمان: المؤلف، 2010
300 _a99ص
336 _atext
_btxt
_2rdacontent
337 _aunmediated
_bn
_2rdamedia
338 _avolume
_bnc
_2rdacarrier
650 4 _aالشعر العربي - تحليل ونقد - الأندلس
_933609
999 _aA13697
_c17265
_d17265